Seperti anjing dengan kucing
| Main Author: | |
|---|---|
| Format: | Book |
| Published: |
P.J :
Eddiplex ,
1995
|
| Series: | Siri cerita dongeng adikku sayang
|
| Subjects: |
MARC
| LEADER | 00000cam a2200000 7i4500 | ||
|---|---|---|---|
| 001 | 0000006684 | ||
| 002 | 000007206 | ||
| 005 | 20000330.0 | ||
| 020 | |a 9838801437 | ||
| 090 | 0 | 0 | |a JF |b SYE |
| 100 | 0 | |a Syed Hamzah Syed Bakar | |
| 245 | 1 | 0 | |a Seperti anjing dengan kucing |c Syed Hamzah Syed Bakar |
| 260 | |a P.J : |b Eddiplex , |c 1995 | ||
| 300 | |a 23p. : |b ill. ; |c 21cm. | ||
| 490 | 0 | |a Siri cerita dongeng adikku sayang | |
| 650 | 0 | 0 | |a Children's stories |
| 999 | |a 038722 |b BUKU |c PINJAMAN |e PERPUSTAKAAN KOMUNITI PETALING JAYA | ||